Právna regulácia vonkajšej reklamy v Slovenskej republike bakalárska práca

Salvato in:
Dettagli Bibliografici
Autore principale: Mucha, Anton
Ente Autore: Obchodná fakulta EU. Katedra obchodného práva
Altri autori: Hutta, Michal, 1982-
Natura: Libro
Lingua:slovacco
Pubblicazione: Bratislava 2025
Tags: Aggiungi Tag
Nessun Tag, puoi essere il primo ad aggiungerne!!

MARC

LEADER 00000nbm a2200000 4500
001 0311183
005 20251120085509.8
041 0 |a slo 
044 |a SK 
245 1 0 |a Právna regulácia vonkajšej reklamy v Slovenskej republike  |b bakalárska práca  |c Anton Mucha ; školiteľ: Michal Hutta 
264 1 |a Bratislava  |c 2025 
300 |a 51 s. 
100 1 |a Mucha, Anton 
700 1 |a Hutta, Michal, 1982- 
710 2 |a Obchodná fakulta EU. Katedra obchodného práva